00154 a2200073 450000100060000010000150000624500410002126000180006222924 aDatla, B K aPractical guide to library Procedure abAsia Pupsc